[Event "Let's Play Chess!"]
[Site "http://www.queenalice.com/game.php?id=1601736"]
[Date "2020.3.5"]
[Round "-"]
[White "igorjava"]
[Black "FMelchior"]
[Result "0-1"]
[WhiteElo "1939"]
[BlackElo "1444"]

1. e4 e6 2. Nf3 d5 3. e5 c5 4. d4 Nc6 5. c3 Qb6 6. Qa4 Bd7 7. Bb5 a6 8. Bxc6
Bxc6 9. Qc2 Be7 10. O-O f6 11. Bf4 fxe5 12. Nxe5 Rc8 13. Nxc6 Qxc6 14. dxc5 Bxc5
15. Be5 Nf6 16. Bxf6 gxf6 17. Qe2 Rg8 18. Kh1 d4 19. f3 Kf7 20. Nd2 dxc3 21.
bxc3 Ba3 22. c4 Rc7 23. Rab1 Bd6 24. Rfe1 Re7 25. Ne4 Be5 26. Red1 Qc7 27. c5
Bxh2 28. Nd6+ Kf8 29. Nxb7 Rg6 30. g4 Bf4 31. Qc4 Rxg4 32. Nd8 Rh4+ 33. Kg1 Be3+
0-1

[Event "Let's Play Chess!"]
[Site "http://www.queenalice.com/game.php?id=1601737"]
[Date "2020.3.5"]
[Round "-"]
[White "FMelchior"]
[Black "igorjava"]
[Result "1/2-1/2"]
[WhiteElo "1444"]
[BlackElo "1927"]

1. d4 d5 2. c4 c6 3. Nc3 e6 4. Nf3 h6 5. e3 Nf6 6. Be2 Bd6 7. O-O b6 8. h3 O-O
9. cxd5 cxd5 10. a3 a6 11. Ne5 Nbd7 12. f4 Bb7 13. Bd2 b5 14. Bd3 Nb6 15. Rc1
Nc4 16. Rc2 Nd7 17. a4 b4 18. Ne2 b3 19. Rxc4 dxc4 20. Nxc4 Be7 21. Qxb3 Rb8 22.
Qc2 f5 23. Ng3 Nf6 24. Ne5 Nd5 25. e4 Nb4 26. Qb3 Nxd3 27. Qxd3 Bf6 28. exf5 Qd5
29. Rf2 exf5 30. Nxf5 Rfe8 31. Ng4 Re6 32. Nfxh6+ gxh6 33. Qg6+ Bg7 34. Nxh6+
1/2-1/2

[Event "AUTO-OPEN-4143"]
[Site "http://www.queenalice.com/game.php?id=1601994"]
[Date "2020.3.8"]
[Round "1"]
[White "mestre62"]
[Black "FMelchior"]
[Result "0-1"]
[WhiteElo "1426"]
[BlackElo "1253"]

1. e4 e6 2. d4 d5 3. e5 c5 4. Bb5+ Bd7 5. Bxd7+ Nxd7 6. Nf3 Be7 7. h3 Qb6 8. O-O
f6 9. c3 cxd4 10. Nxd4 Nxe5 11. Bf4 Qxb2 12. Nd2 Qxc3 13. Nb5 Qa5 14. Bxe5 fxe5
15. Rb1 Nf6 16. Qe1 O-O 17. Qe2 a6 18. Qe3 Rac8 19. Na7 Bc5 20. Qd3 Bxa7 21. Nf3
e4 22. Qd1 exf3 23. g3 Ne4 24. Rb2 Nxg3 25. Re1 Ne4 26. Rb1 Bxf2+ 27. Kh2 Qxa2
28. Rf1 Bg3+ 29. Kg1 Qh2# 0-1

[Event "AUTO-OPEN-4143"]
[Site "http://www.queenalice.com/game.php?id=1601995"]
[Date "2020.3.8"]
[Round "1"]
[White "FMelchior"]
[Black "mestre62"]
[Result "0-1"]
[WhiteElo "1500"]
[BlackElo "1406"]

1. e4 e5 2. Nf3 Nc6 3. Bb5 Nge7 4. O-O d6 5. d4 a6 6. Bxc6+ Nxc6 7. dxe5 Nxe5 8.
Nxe5 dxe5 9. b3 Bd7 10. Bb2 Bd6 11. Nd2 f6 12. Nc4 Qe7 13. Qd2 Bb5 14. Nxd6+
Qxd6 15. Rfd1 Qxd2 16. Rxd2 O-O 17. g3 Rfd8 18. Rad1 Rxd2 19. Rxd2 h6 20. Rd7
Bxd7 21. f4 exf4 22. gxf4 Bc6 23. e5 fxe5 24. fxe5 Kf7 25. Bd4 Rd8 26. c3 g5 27.
Kf2 Bd5 28. Ke3 Ke6 0-1

[Event "AUTO-OPEN-4143"]
[Site "http://www.queenalice.com/game.php?id=1602020"]
[Date "2020.3.8"]
[Round "1"]
[White "FMelchior"]
[Black "Tig"]
[Result "1-0"]
[WhiteElo "1557"]
[BlackElo "1910"]

1. d4 d5 2. Nf3 Nf6 3. Bf4 c5 4. c3 Nc6 5. e3 Qb6 6. Qc2 Bf5 7. Qb3 c4 8. Qxb6
axb6 9. Nbd2 e6 10. Be2 Be7 11. O-O h6 12. h3 g5 13. Bh2 Ne4 14. Nxe4 Bxe4 15.
Nd2 Bg6 16. a4 Na5 17. Bc7 Ra6 18. b4 Kd7 19. Bh2 Nb3 20. Nxb3 cxb3 21. Bxa6
bxa6 22. Rab1 Bxb1 23. Rxb1 Rc8 24. Rxb3 a5 25. bxa5 bxa5 26. Rb7+ Ke8 27. Ra7
Rxc3 28. g4 Bb4 29. Bc7 Rc1+ 30. Kg2 Kf8 31. Bxa5 Bxa5 32. Rxa5 Rc4 33. Kg3 Kg7
34. f4 gxf4+ 35. Kxf4 Kf6 36. Ra7 Rb4 37. Ra6 Rc4 38. h4 Rb4 39. a5 Rb5 40. Ra8
Rb7 41. g5+ hxg5+ 42. hxg5+ Kg7 43. a6 Rb6 44. a7 Ra6 45. Ke5 Kg6 46. Rg8+ Kh7
47. a8=Q Rxa8 48. Rxa8 Kg7 49. Ra7 Kg6 50. Kd6 f5 51. gxf6 Kxf6 52. Re7 1-0

[Event "AUTO-OPEN-4143"]
[Site "http://www.queenalice.com/game.php?id=1602021"]
[Date "2020.3.8"]
[Round "1"]
[White "Tig"]
[Black "FMelchior"]
[Result "0-1"]
[WhiteElo "1873"]
[BlackElo "1444"]

1. e4 e6 2. Nf3 d5 3. Nc3 Bb4 4. e5 Ne7 5. Ne2 O-O 6. c3 Ba5 7. d4 Nd7 8. Ng3 c5
9. Bd2 Bb6 10. Bd3 cxd4 11. Bxh7+ Kh8 12. cxd4 g6 13. Ng5 Bxd4 14. Bxg6 Bxf2+
15. Ke2 fxg6 16. Nxe6 Nxe5 17. Nxd8 Bg4+ 18. Kf1 Bd4+ 19. Qf3 Bxf3 20. gxf3
Rxf3+ 21. Ke2 Rf2+ 22. Kd1 Rxd8 23. Bg5 Rd7 24. Re1 Bxb2 25. Rb1 Nc4 26. Bxe7
Rd2# 0-1

[Event "AUTO-OPEN-4143"]
[Site "http://www.queenalice.com/game.php?id=1602022"]
[Date "2020.3.8"]
[Round "1"]
[White "FMelchior"]
[Black "Boeing"]
[Result "1-0"]
[WhiteElo "1444"]
[BlackElo "1837"]

1. e4 e5 2. Nf3 d6 3. d4 exd4 4. Nxd4 c5 5. Nf3 Bg4 6. Nc3 Bxf3 7. Qxf3 Nc6 8.
Bc4 Ne5 9. Qe2 Nf6 10. Bg5 Be7 11. O-O Nfg4 12. Bxe7 Qxe7 13. Bb3 O-O 14. f4
Nxh2 15. Kxh2 Qh4+ 16. Kg1 Ng4 17. g3 Qxg3+ 18. Qg2 Qxg2+ 19. Kxg2 Ne3+ 20. Kf3
Nxf1 21. Rxf1 a6 22. Nd5 b5 23. Ne7+ Kh8 24. Bd5 Rae8 25. Nf5 Rd8 26. Rd1 g6 27.
Ne3 h5 28. Bc6 b4 29. Nc4 Rc8 30. Rxd6 h4 31. Bd5 Kg7 32. Rd7 Kf6 33. Nd6 Rb8
34. Nxf7 g5 35. fxg5+ Kg6 36. Kg4 Rbe8 37. Rd6+ Kg7 38. Nh6 Kh8 39. Nf5 Rxf5 40.
exf5 Re2 41. Rd8+ Kh7 42. Rd7+ Kh8 43. g6 1-0

[Event "AUTO-OPEN-4143"]
[Site "http://www.queenalice.com/game.php?id=1622778"]
[Date "2020.8.4"]
[Round "2"]
[White "Rafale2000"]
[Black "FMelchior"]
[Result "0-1"]
[WhiteElo "1902"]
[BlackElo "1651"]

1. e4 c5 2. a3 Nc6 3. b4 e6 4. bxc5 Bxc5 5. Nf3 Nge7 6. d4 Bb6 7. Bf4 O-O 8. Bc4
d5 9. exd5 Nxd5 10. Be3 Nxe3 11. fxe3 Qe7 12. O-O Bd7 13. Nbd2 Rfd8 14. c3 h6
0-1

[Event "AUTO-OPEN-4143"]
[Site "http://www.queenalice.com/game.php?id=1622779"]
[Date "2020.8.4"]
[Round "2"]
[White "FMelchior"]
[Black "Rafale2000"]
[Result "1/2-1/2"]
[WhiteElo "1724"]
[BlackElo "2034"]

1. e4 Nf6 2. Nc3 d5 3. e5 d4 4. exf6 dxc3 5. fxg7 cxd2+ 6. Bxd2 Bxg7 7. Rb1 Be6
8. g3 Nc6 9. Bg2 Qd7 10. Ne2 Bxa2 11. Ra1 Bd5 12. Nf4 Bxg2 13. Nxg2 Bxb2 14. Rb1
Qd4 15. O-O O-O-O 16. Bf4 Qxd1 17. Rfxd1 Rxd1+ 18. Rxd1 Rd8 19. Rb1 Be5 20. Be3
Bd4 21. Bxd4 Nxd4 22. Ne3 Nf3+ 23. Kg2 Nd2 24. Rb4 a5 25. Rh4 Rh8 26. Rd4 Rd8
27. Rh4 Rh8 28. Rd4 Rd8 29. Rh4 Rh8 1/2-1/2

[Event "AUTO-OPEN-4143"]
[Site "http://www.queenalice.com/game.php?id=1622784"]
[Date "2020.8.4"]
[Round "2"]
[White "FMelchior"]
[Black "grepovsky"]
[Result "0-1"]
[WhiteElo "1867"]
[BlackElo "2171"]

1. d4 Nf6 2. c4 c5 3. d5 e5 4. Nc3 d6 5. Bg5 Be7 6. e4 O-O 7. Bd3 Nxd5 8. Nxd5
Bxg5 9. Ne2 Nc6 10. O-O g6 11. h3 Be6 12. f4 exf4 13. Nexf4 a6 14. Qb3 Rb8 15.
Qc3 Nd4 16. Rae1 b5 17. b3 b4 18. Qd2 a5 19. Qf2 Bh4 20. g3 Bg5 21. h4 Bh6 22.
Kg2 Ra8 23. Ne2 Nxe2 24. Rxe2 Bxd5 25. cxd5 Bg7 26. Bb5 Ra7 27. Qe3 h6 28. e5
dxe5 29. Qxc5 f5 30. d6 Qb8 31. h5 g5 32. Rd2 Rd8 33. Rxf5 e4 34. Qc4+ Kh8 35.
Qxe4 Rxd6 36. Rxd6 Qxd6 0-1

[Event "AUTO-OPEN-4143"]
[Site "http://www.queenalice.com/game.php?id=1622785"]
[Date "2020.8.4"]
[Round "2"]
[White "grepovsky"]
[Black "FMelchior"]
[Result "1-0"]
[WhiteElo "2168"]
[BlackElo "1873"]

1. g3 c6 2. Bg2 Nf6 3. Nf3 d5 4. d3 e5 5. Nxe5 Be7 6. O-O O-O 7. Nd2 Nbd7 8.
Ndf3 Nxe5 9. Nxe5 Be6 10. c4 Qc7 11. cxd5 Nxd5 12. Nc4 Bf6 13. Rb1 b5 14. Nd2
Rac8 15. a3 h6 16. Qc2 c5 17. Ne4 Be7 18. b3 b4 19. Bb2 bxa3 20. Bxa3 f5 21. Nd2
f4 22. Ne4 a5 23. Rfc1 fxg3 24. hxg3 Nb4 25. Bxb4 axb4 26. Ra1 Rfd8 27. Ra6 Qe5
28. Ra7 Rd7 29. Rxd7 Bxd7 30. Qa2 Bg4 31. Rc2 Kh8 32. Qa7 Bf8 33. e3 Qd5 34. Qa2
Bd1 35. Nxc5 Qh5 36. Rc1 1-0

[Event "AUTO-ADV-4406"]
[Site "http://www.queenalice.com/game.php?id=1628760"]
[Date "2020.10.2"]
[Round "1"]
[White "ECCelestino"]
[Black "FMelchior"]
[Result "0-1"]
[WhiteElo "1895"]
[BlackElo "1755"]

1. d4 c5 2. c3 Nc6 3. e3 e6 4. Nf3 Be7 5. Be2 Nf6 6. O-O O-O 7. Bd3 d5 8. Bc2
Bd7 9. b3 cxd4 10. cxd4 Rc8 11. Bd2 Qc7 12. Bc3 h6 13. Qd3 Nb4 14. Bxb4 Bxb4 15.
Rc1 Ne4 16. a3 Qa5 17. Nbd2 Bxd2 18. Nxd2 Qxd2 19. Qxd2 Nxd2 20. b4 f5 21. a4
Rc4 22. b5 Rfc8 23. Ra2 Nb3 24. Rb2 Nxc1 25. h3 Rxc2 0-1

[Event "AUTO-ADV-4406"]
[Site "http://www.queenalice.com/game.php?id=1628761"]
[Date "2020.10.2"]
[Round "1"]
[White "FMelchior"]
[Black "ECCelestino"]
[Result "1-0"]
[WhiteElo "1894"]
[BlackElo "1909"]

1. e4 e5 2. Nf3 d6 3. d4 Nf6 4. dxe5 Nxe4 5. Qe2 d5 6. Nbd2 Bb4 7. c3 Nxd2 8.
Bxd2 Be7 9. g3 O-O 10. Bg2 c6 11. O-O-O Re8 12. Qd3 Na6 13. Nd4 Nc5 14. Qc2 g6
15. h4 Bf8 16. Bg5 Be7 17. Rh2 Ne4 18. Bf4 Bc5 19. Bxe4 dxe4 20. Qxe4 Qe7 21. f3
Be6 22. Bg5 Qc7 23. Nxe6 Rxe6 24. f4 Rae8 25. h5 f5 26. Qc4 Be3+ 27. Kc2 b5 28.
Qe2 Bb6 29. Rdh1 Rd6 30. hxg6 Rxg6 31. Rxh7 Rg7 32. Qh5 Rxh7 33. Qxe8+ Kg7 34.
Bf6# 1-0

[Event "AUTO-ADV-4406"]
[Site "http://www.queenalice.com/game.php?id=1628772"]
[Date "2020.10.2"]
[Round "1"]
[White "juki"]
[Black "FMelchior"]
[Result "0-1"]
[WhiteElo "1733"]
[BlackElo "1877"]

1. g3 Nf6 2. Bg2 d5 3. c4 e6 4. Nf3 Be7 5. O-O O-O 6. b3 d4 7. e3 c5 8. exd4 Nc6
9. dxc5 Bxc5 10. Bb2 Nb4 11. d4 Be7 12. Ne5 Qc7 13. a3 Nc6 14. Nd2 Rd8 15. Nxc6
bxc6 16. Qc2 Bb7 17. Rad1 h6 18. Rfe1 a5 19. c5 Ba6 20. Nc4 a4 21. Nb6 axb3 22.
Qxb3 Rab8 23. Qa4 Bb5 24. Qc2 Nd5 25. a4 Ba6 26. Bxd5 exd5 27. Bc1 Qa7 0-1

[Event "AUTO-ADV-4406"]
[Site "http://www.queenalice.com/game.php?id=1628773"]
[Date "2020.10.2"]
[Round "1"]
[White "FMelchior"]
[Black "juki"]
[Result "1-0"]
[WhiteElo "1858"]
[BlackElo "1733"]

1. e4 c6 2. d4 d5 3. Nc3 dxe4 4. Nxe4 Nd7 5. Nf3 Ngf6 6. Bd3 Nxe4 7. Bxe4 Nf6 8.
Bd3 Bg4 9. h3 Bxf3 10. Qxf3 Qxd4 11. O-O e6 12. Be3 Qh4 13. g3 Qxh3 14. Qg2
Qxg2+ 15. Kxg2 Be7 16. Bd4 O-O 17. Rh1 h6 18. Rad1 Rfd8 19. Bxf6 Bxf6 20. c3 Kf8
21. f4 Rd6 22. Bc2 Rad8 23. Rxd6 Rxd6 24. Rd1 Rxd1 25. Bxd1 g6 26. Bf3 e5 27.
fxe5 Bxe5 28. g4 1-0

[Event "AUTO-ADV-4406"]
[Site "http://www.queenalice.com/game.php?id=1628780"]
[Date "2020.10.2"]
[Round "1"]
[White "FMelchior"]
[Black "SGrillo"]
[Result "1-0"]
[WhiteElo "1804"]
[BlackElo "1752"]

1. e4 e5 2. Nf3 Nc6 3. Bb5 a6 4. Bxc6 dxc6 5. d4 exd4 6. Qxd4 Qxd4 7. Nxd4 c5 8.
Nf3 Ne7 9. O-O Bg4 10. Ne5 Bh5 11. Be3 f6 12. Nc4 b6 13. Nc3 Bf7 14. a4 Bxc4 15.
Rfd1 Nc6 16. Bf4 Rc8 17. Rd2 Rd8 18. Rad1 Rxd2 19. Rxd2 Be7 20. Bxc7 b5 21. axb5
axb5 22. b3 Be6 23. Nxb5 O-O 24. f4 Bc8 25. Kf2 Kf7 26. Bb6 Ba6 27. Nd6+ Bxd6
28. Rxd6 Nb4 29. Bxc5 Nxc2 30. Rd7+ Kg6 31. Bxf8 1-0

[Event "AUTO-ADV-4406"]
[Site "http://www.queenalice.com/game.php?id=1628781"]
[Date "2020.10.2"]
[Round "1"]
[White "SGrillo"]
[Black "FMelchior"]
[Result "0-1"]
[WhiteElo "1756"]
[BlackElo "1833"]

1. e4 c5 2. Nf3 Nc6 3. Bb5 d6 4. Bxc6+ bxc6 5. h3 Nf6 6. d3 g6 7. O-O Bg7 8. Nc3
O-O 9. Bg5 Qc7 10. Rb1 Ba6 11. Re1 Nd7 12. Qd2 Rfe8 13. Bh6 Ne5 14. Nxe5 Bxe5
15. Ne2 d5 16. exd5 cxd5 17. Bf4 Bxf4 18. Qxf4 Rac8 19. Qxc7 Rxc7 20. Rbd1 d4
21. Ng3 Kg7 22. Ne4 f5 23. Nd6 Rb8 24. Nc4 Bxc4 25. dxc4 Rxb2 26. Ra1 Rxc2 27.
Rec1 Rxc1+ 28. Rxc1 Kf6 29. Kf1 Rb7 30. Rc2 d3 31. Rc1 Ke5 32. Rd1 Kd4 0-1

[Event "AUTO-ADV-4406"]
[Site "http://www.queenalice.com/game.php?id=1644159"]
[Date "2021.2.19"]
[Round "2"]
[White "Canaye"]
[Black "FMelchior"]
[Result "1-0"]
[WhiteElo "1901"]
[BlackElo "1895"]

1. d4 c5 2. c4 Nf6 3. Nc3 Nc6 4. d5 Na5 5. b3 g6 6. e4 Bg7 7. Rb1 O-O 8. Qc2 b6
9. Bd3 Qc7 10. Nge2 Re8 11. f4 e5 12. O-O 1-0

[Event "AUTO-ADV-4406"]
[Site "http://www.queenalice.com/game.php?id=1644160"]
[Date "2021.2.19"]
[Round "2"]
[White "FMelchior"]
[Black "Canaye"]
[Result "0-1"]
[WhiteElo "1920"]
[BlackElo "1884"]

1. g3 e6 2. c4 d5 3. Bg2 c5 4. Nf3 Nc6 5. O-O d4 6. d3 Bd6 7. a3 Nge7 8. Bd2 h6
9. Qc2 O-O 10. h4 b6 11. e3 Qc7 12. exd4 cxd4 13. b4 Qb8 0-1